Stashing the cash (Record no. 80149)

MARC details
000 -LEADER
fixed length control field 01008cab a22001935a 4500
001 - CONTROL NUMBER
control field L143356
008 - FIXED-LENGTH DATA ELEMENTS--GENERAL INFORMATION
fixed length control field 080429e20080425xxk f 000 0 eng d
035 ## - SYSTEM CONTROL NUMBER
System control number (Sirsi) u143356
041 0# - LANGUAGE CODE
Language code of text/sound track or separate title eng
100 1# - MAIN ENTRY--PERSONAL NAME
Personal name Morrison, Doug
245 00 - TITLE STATEMENT
Title Stashing the cash
260 ## - PUBLICATION, DISTRIBUTION, ETC.
Date of publication, distribution, etc. 2008
490 ## - SERIES STATEMENT
Series statement Property Week
Volume/sequential designation 73(17) 25 April 2008, 70-71(2)
520 ## - SUMMARY, ETC.
Summary, etc. First of a five article series considers possible measures which can be taken by those involved in the property market to mediate the effects of the US-originated credit crunch. Shows that UK news in April is not promising. Examines the dilemma faced by the Bank of England over further interest rate cuts. Considers the possibility of future credit problems concerning mortgage lenders. Reports that many would welcome the opportunity to swap mortgage-backed assets for government bonds. Suggests that a two-year adjustment period may now be underway.
590 ## - LOCAL NOTE (RLIN)
Local note KA
651 #4 - SUBJECT ADDED ENTRY--GEOGRAPHIC NAME
Geographic name United Kingdom
Chronological subdivision
690 ## - LOCAL SUBJECT ADDED ENTRY--TOPICAL TERM (OCLC, RLIN)
Topical term or geographic name as entry element PROPERTY-PROPERTY MARKET
942 ## - ADDED ENTRY ELEMENTS (KOHA)
Suppress in OPAC 0
Holdings
Withdrawn status Lost status Source of classification or shelving scheme Damaged status Not for loan Home library Current library Shelving location Date acquired Total Checkouts Full call number Barcode Date last seen Copy number Price effective from Koha item type
    Dewey Decimal Classification     London London Journal article 29/04/2008   L143356 143356-1001 06/08/2019 1 06/08/2019 Journal article